00607nam a2200157 a 450000100100000000500170001000800410002704000250006810000240009324500500011726000650016730000210023204900090025395201700026299900170043200003328720200930070143.0110823s1954 dr 000 0 spa d aDO-SdBNPbspacBNPHU1 aCaro, Nestor92867010aTrujillo y el derecho agrario /cNestor Caro. a[Ciudad Trujillo, República Dominicana ] :b[s.n.],c1954. a131 p. ;c22 cm. aBNPD 001050718RVaPDbPDcCTd2011-08-23iLF1l0o p33287-10r2020-06-25w2020-06-25y1zPerteneció a la biblioteca personal de Germán Emilio Ornes.ZNo se presta c32778d32778